00864naa a22002057a 4500003000400000005001700004008004100021040000800062080000800070100014700078245010400225260001000329500002600339650002000365655003000385711009900415773011600514942001300630999001500643BPK20160309112540.0160309b1978 pl ||||| |||| 10| 0 pol  cBPK a548 aCYBULSKI, Zygmunt.d1968 - 1989.bWyższa Szkoła Inżynierska w Koszalinie - Instytut Inżynierii Materiałowej,cZakład Chemii Fizycznej aSynteza i wstępne badania krystalograficzne Ag, Cr, Zr, Se4 i Ag, Cr, Ti, S4 /cZygmunt Cybulski. c1978. aDane z kartoteki bpp. 0aKrystalografia. 0aMateriały konferencyjne. aŚrodowiskowa Konferencja Chemiczna PAN Oddział w Poznaniun(2 ;d1978 ;cPoznań, Polska). iW :tII Środowiskowa Konferencja Chemiczna PAN Oddział w Poznaniu : Komunikaty. -dPoznań, 1978. -gs. 123 cART2UKD c7530d7530